000 00466nam a2200193Ia 4500
008 240509s9999 xx 000 0 und d
020 _a0000074637681
041 _aEng
082 _a005.5
082 _bN24
100 _aNELSON S.L.
245 0 _aOFFICE 2000: THE COMPLETE REFERENCE :( With CD)
260 _bMCGRAW HILL : NEW DELHI
260 _c1999
300 _a1040 p.
650 _aMS OFFICE : APPLICATION PACKAGES
942 _2ddc
942 _cRBK
999 _c22556
_d22556
945 _a1
_bMadushi Gamage
_c1
_dMadushi Gamage